[Event "Budapest zt 1.4"]
[Site "Budapest"]
[Date "2000.06.17"]
[Round "1"]
[White "Mrva, Martin"]
[Black "Macieja, Bartlomiej"]
[Result "0-1"]
[WhiteElo "2426"]
[BlackElo "2538"]
[EventDate "2000.06.17"]
[PlyCount "102"]

1.e4 c5 2.Nf3 d6 3.d4 cxd4 4.Nxd4 Nf6 5.Nc3 g6 6.Be3 Bg7 7.f3 Nc6 8.Qd2 
O-O 9.Bc4 Bd7 10.h4 h5 11.O-O-O Ne5 12.Bb3 Rc8 13.Bg5 Rc5 14.Kb1 b5 15.g4 
a5 16.gxh5 Nxh5 17.f4 Nc4 18.Bxc4 Rxc4 19.e5 f6 20.Ndxb5 Bxb5 21.Nxb5 Rc5 
22.Nc3 fxg5 23.Ne4 Qb6 24.hxg5 Nxf4 25.Nxc5 Qxc5 26.exd6 Rb8 27.b3 Qe5 28.
c3 exd6 29.Rhe1 Qxc3 30.Qxc3 Bxc3 31.Re7 Be5 32.Rd2 a4 33.Kc2 Kf8 34.Rh7 
axb3+ 35.axb3 Ne6 36.Kd3 Nxg5 37.Rf2+ Kg8 38.Re7 Rxb3+ 39.Kc4 Rc3+ 40.Kb4 
Rf3 41.Rg2 Rg3 42.Ra2 Nf7 43.Rf2 Rg4+ 44.Kb5 Rf4 45.Rg2 Kf8 46.Ra7 Kg7 47.
Kc6 Kf6 48.Kd7 g5 49.Ra8 Nh6 50.Re8 g4 51.Rf8+ Kg5 0-1

[Event "Budapest zt 1.4"]
[Site "Budapest"]
[Date "2000.06.17"]
[Round "1"]
[White "Sax, Gyula"]
[Black "Polak, Tomas"]
[Result "0-1"]
[WhiteElo "2609"]
[BlackElo "2503"]
[EventDate "2000.06.17"]
[PlyCount "45"]

1.e4 c6 2.d4 d5 3.e5 Bf5 4.Nc3 e6 5.g4 Bg6 6.Nge2 Ne7 7.Nf4 c5 8.dxc5 Nbc6
9.h4 Nxe5 10.Bb5+ N7c6 11.Qe2 a6 12.Bxc6+ Nxc6 13.Be3 d4 14.O-O-O Qf6 15.
Nxg6 hxg6 16.Bg5 Qe5 17.Qxe5 Nxe5 18.Ne4 Nc6 19.c3 f6 20.Bd2 Rd8 21.cxd4 
Rxd4 22.f3 Bxc5 23.Bc3 0-1

[Event "Budapest zt 1.4"]
[Site "Budapest"]
[Date "2000.06.17"]
[Round "1"]
[White "Spasov, Vasil"]
[Black "Blehm, Pawel"]
[Result "1/2-1/2"]
[WhiteElo "2590"]
[BlackElo "2494"]
[EventDate "2000.06.17"]
[PlyCount "72"]

1.g3 g6 2.Bg2 Bg7 3.d4 c5 4.c3 cxd4 5.cxd4 Nf6 6.e4 d6 7.Ne2 O-O 8.O-O e5 
9.Nbc3 Nc6 10.h3 exd4 11.Nxd4 Nxe4 12.Nxc6 Nxc3 13.Nxd8 Nxd1 14.Nxb7 Nxb2 
15.Nxd6 Ba6 16.Bxa8 Rxa8 17.Rb1 Bxf1 18.Kxf1 Rd8 19.Nb5 Na4 20.Bg5 Rb8 21.
Bf4 Rb7 22.Rd1 Bf6 23.Nd6 Nc3 24.Rc1 Rb2 25.Bh6 Rb1 26.Rxb1 Nxb1 27.Nb5 a6
28.Nc7 Nc3 29.a3 Be7 30.Bd2 Nb1 31.Bb4 Bf8 32.Bxf8 Kxf8 33.a4 Nc3 34.a5 
Ne4 35.Nxa6 Nd2+ 36.Ke2 Nc4 1/2-1/2

[Event "Budapest zt 1.4"]
[Site "Budapest"]
[Date "2000.06.17"]
[Round "1"]
[White "Vajda, Levente"]
[Black "Socko, Bartosz"]
[Result "1/2-1/2"]
[WhiteElo "2459"]
[BlackElo "2556"]
[EventDate "2000.06.17"]
[PlyCount "72"]

1.e4 e5 2.Nf3 Nc6 3.d4 exd4 4.Nxd4 Bc5 5.Nb3 Bb6 6.a4 a6 7.Nc3 d6 8.Be2 
Nge7 9.Bg5 f6 10.Bf4 O-O 11.O-O Be6 12.Nd5 Ba7 13.c3 f5 14.Bg5 fxe4 15.
Nxe7+ Nxe7 16.Nd4 Qd7 17.Nxe6 Qxe6 18.Bxe7 Qxe7 19.Qd5+ Kh8 20.Qxb7 a5 21.
Bb5 Bc5 22.Rae1 Rxf2 23.Rxf2 Rf8 24.Qxe4 Qxe4 25.Rxe4 Rxf2 26.Re8+ Rf8+ 
27.Kh1 Rxe8 28.Bxe8 Kg8 29.g4 Kf8 30.Bc6 Ke7 31.Kg2 Ke6 32.Kf3 Ke5 33.h4 
h6 34.h5 d5 35.Be8 Ba7 36.Ke2 c5 1/2-1/2

[Event "Budapest zt 1.4"]
[Site "Budapest"]
[Date "2000.06.18"]
[Round "2"]
[White "Badea, Bela"]
[Black "Mrva, Martin"]
[Result "0-1"]
[WhiteElo "2486"]
[BlackElo "2426"]
[EventDate "2000.06.17"]
[PlyCount "82"]

1.Nf3 Nf6 2.g3 g6 3.Bg2 Bg7 4.O-O O-O 5.d4 d6 6.h3 Bf5 7.Re1 Qc8 8.Kh2 c5 
9.c3 Na6 10.Nbd2 d5 11.dxc5 Nxc5 12.Nb3 Nce4 13.Be3 Qc7 14.Nbd4 Bd7 15.a4 
Nxg3 16.fxg3 Ne4 17.Bf4 e5 18.e3 exf4 19.exf4 Rfe8 20.Qb3 Bc6 21.Qc2 h5 
22.h4 Bd7 23.Qb3 Qd6 24.Ng5 Nxg5 25.hxg5 Bc6 26.a5 h4 27.a6 Reb8 28.Qa3 
Qc7 29.Rad1 Bf8 30.Qa2 hxg3+ 31.Kxg3 Bd6 32.Rf1 Re8 33.axb7 Bxb7 34.Bxd5 
Rad8 35.Bxb7 Qxb7 36.Rf3 Bb8 37.Rdf1 Re4 38.b4 Rd5 39.Kh3 Qd7+ 40.Kg2 
Rxg5+ 41.Kf2 Qg4 0-1

[Event "Budapest zt 1.4"]
[Site "Budapest"]
[Date "2000.06.18"]
[Round "2"]
[White "Balogh, Tomas"]
[Black "Acs, Peter"]
[Result "1/2-1/2"]
[WhiteElo "2433"]
[BlackElo "2542"]
[EventDate "2000.06.17"]
[PlyCount "52"]

1.d4 Nf6 2.c4 e6 3.Nf3 d5 4.cxd5 exd5 5.Nc3 c6 6.Bg5 Nbd7 7.e3 Be7 8.Bd3 
O-O 9.Qc2 Re8 10.O-O Nf8 11.Rab1 a5 12.a3 Ng6 13.b4 axb4 14.axb4 Bd6 15.b5
h6 16.Bxf6 Qxf6 17.bxc6 bxc6 18.Ne2 Bg4 19.Nd2 Ra3 20.Ng3 Ne7 21.Rb3 Rxb3 
22.Nxb3 Bb8 23.Rc1 g6 24.Nc5 h5 25.Nf1 Kg7 26.Rb1 Qg5 1/2-1/2

[Event "Budapest zt 1.4"]
[Site "Budapest"]
[Date "2000.06.18"]
[Round "2"]
[White "Blehm, Pawel"]
[Black "Markowski, Tomasz"]
[Result "1/2-1/2"]
[WhiteElo "2494"]
[BlackElo "2531"]
[EventDate "2000.06.17"]
[PlyCount "37"]

1.e4 c5 2.Nf3 g6 3.d4 Bg7 4.dxc5 Qa5+ 5.Nfd2 Qxc5 6.c4 d6 7.Be2 Qc7 8.O-O 
Nc6 9.Re1 a5 10.Na3 Nf6 11.Nb5 Qd8 12.Rb1 O-O 13.b3 Bh6 14.Bb2 e5 15.Bf3 
Be6 16.Nf1 Ne8 17.a4 Qb6 18.Bc3 Rd8 19.Ne3 1/2-1/2

[Event "Budapest zt 1.4"]
[Site "Budapest"]
[Date "2000.06.18"]
[Round "2"]
[White "Horvath, Csaba"]
[Black "Ionescu, Constantin"]
[Result "1/2-1/2"]
[WhiteElo "2519"]
[BlackElo "2446"]
[EventDate "2000.06.17"]
[PlyCount "64"]

1.e4 e6 2.d4 d5 3.Nc3 dxe4 4.Nxe4 Bd7 5.Nf3 Bc6 6.Bd3 Nd7 7.O-O Ngf6 8.
Ned2 Be7 9.b3 a5 10.a3 O-O 11.c4 Re8 12.Qe2 Bxf3 13.Nxf3 c6 14.Bb2 Qc7 15.
Rfe1 Bf8 16.Rad1 g6 17.Qc2 Bg7 18.Bf1 Re7 19.g3 Ree8 20.Bg2 Ra7 21.Qd2 Rd8
22.d5 cxd5 23.cxd5 exd5 24.Rc1 Qd6 25.Nd4 Raa8 26.Nb5 Qb6 27.Nc7 Rac8 28.
Nxd5 Nxd5 29.Rxc8 Rxc8 30.Bxg7 Kxg7 31.Qxd5 Rc2 32.Rf1 Nc5 1/2-1/2

[Event "Budapest zt 1.4"]
[Site "Budapest"]
[Date "2000.06.18"]
[Round "2"]
[White "Hracek, Zbynek"]
[Black "Radulski, Julian"]
[Result "1-0"]
[WhiteElo "2620"]
[BlackElo "2421"]
[EventDate "2000.06.17"]
[PlyCount "95"]

1.e4 e5 2.Nf3 Nc6 3.Bb5 a6 4.Ba4 Nf6 5.O-O Be7 6.Re1 b5 7.Bb3 d6 8.c3 O-O 
9.h3 Na5 10.Bc2 c5 11.d4 Qc7 12.Nbd2 cxd4 13.cxd4 Bb7 14.d5 Bc8 15.Bd3 Bd7
16.Rb1 Rfc8 17.b3 g6 18.Nf1 Nb7 19.b4 a5 20.a3 Nh5 21.Qe2 Qd8 22.Bxb5 Rc3 
23.Bxd7 Qxd7 24.Qd1 Bd8 25.Rb3 Rc4 26.Be3 axb4 27.N1d2 Rcc8 28.axb4 Ra2 
29.Qb1 Rac2 30.Rb2 R2c3 31.Rb3 Rc2 32.Rd1 Qa4 33.Ne1 R2c3 34.Qa1 Qxa1 35.
Rxa1 R3c7 36.Rba3 f5 37.Ra8 Rc3 38.Rxc8 Rxc8 39.g4 Nf6 40.f3 Rc3 41.Bf2 
fxe4 42.fxe4 Kf7 43.Ra7 Rc7 44.b5 Ne8 45.b6 Rd7 46.Nd3 Be7 47.Nb4 Bf8 48.
Be3 1-0

[Event "Budapest zt 1.4"]
[Site "Budapest"]
[Date "2000.06.18"]
[Round "2"]
[White "Janev, Evgeni"]
[Black "Meduna, Eduard"]
[Result "0-1"]
[WhiteElo "2339"]
[BlackElo "2495"]
[EventDate "2000.06.17"]
[PlyCount "73"]

1.e4 c6 2.d4 d5 3.exd5 cxd5 4.c4 Nf6 5.Nc3 e6 6.Nf3 Bb4 7.cxd5 exd5 8.Bb5+
Bd7 9.Qe2+ Ne4 10.O-O Bxc3 11.bxc3 O-O 12.Bd3 Nxc3 13.Qe5 Bg4 14.Ng5 h6 
15.Nh7 Re8 16.Nf6+ gxf6 17.Qg3 f5 18.f3 Qf6 19.fxg4 Qxd4+ 20.Kh1 Qxg4 21.
Qc7 Nc6 22.Qxb7 Qg6 23.Bf4 Ne4 24.Rac1 Nd4 25.Qxd5 Rad8 26.Qc4 Ne6 27.Be3 
N6g5 28.Bxa7 Nd2 29.Qb5 Nxf1 30.Rxf1 Ne4 31.a4 Re7 32.Bg1 f4 33.Rf3 Red7 
34.Bxe4 Qxe4 35.Qh5 Rd1 36.Qg4+ Kh7 37.Qxf4 0-1

[Event "Budapest zt 1.4"]
[Site "Budapest"]
[Date "2000.06.18"]
[Round "2"]
[White "Konopka, Michal"]
[Black "Spasov, Vasil"]
[Result "1/2-1/2"]
[WhiteElo "2442"]
[BlackElo "2590"]
[EventDate "2000.06.17"]
[PlyCount "21"]

1.Nf3 g6 2.g3 Bg7 3.d4 c5 4.c3 cxd4 5.cxd4 Nf6 6.Bg2 O-O 7.O-O d6 8.Nc3 
Nc6 9.d5 Nb8 10.Nd4 Na6 11.h3 1/2-1/2

[Event "Budapest zt 1.4"]
[Site "Budapest"]
[Date "2000.06.18"]
[Round "2"]
[White "Nevednichy, Vladislav"]
[Black "Blatny, Pavel"]
[Result "1/2-1/2"]
[WhiteElo "2589"]
[BlackElo "2512"]
[EventDate "2000.06.17"]
[PlyCount "82"]

1.e4 b6 2.d4 Bb7 3.Bd3 Nf6 4.Qe2 Nc6 5.c3 e5 6.Nf3 exd4 7.O-O dxc3 8.Nxc3 
d6 9.Bb5 a6 10.Bxc6+ Bxc6 11.e5 Bxf3 12.Qxf3 dxe5 13.Bg5 Be7 14.Rfd1 Qc8 
15.Bxf6 Bxf6 16.Qc6+ Kf8 17.Rd7 Qe8 18.Rad1 Rc8 19.Nd5 Qe6 20.Qxe6 fxe6 
21.Nxc7 h5 22.Nxe6+ Kg8 23.Nc7 Kh7 24.g3 h4 25.R1d6 Rhd8 26.Rxd8 Bxd8 27.
Nd5 h3 28.Kf1 Bg5 29.Nc3 Bc1 30.Rxb6 Bxb2 31.Ne4 Bc1 32.Rxa6 Rc4 33.f3 Rc2
34.f4 g6 35.Ng5+ Kh6 36.Nxh3 exf4 37.Nxf4 Bxf4 38.gxf4 Kh5 39.a4 Rxh2 40.
Ra5+ Kg4 41.Kg1 Ra2 1/2-1/2

[Event "Budapest zt 1.4"]
[Site "Budapest"]
[Date "2000.06.18"]
[Round "2"]
[White "Varga, Zoltan"]
[Black "Bratanov, Zsivko"]
[Result "0-1"]
[WhiteElo "2530"]
[BlackElo "2332"]
[EventDate "2000.06.17"]
[PlyCount "70"]

1.e4 c5 2.Nf3 d6 3.d4 Nf6 4.Nc3 cxd4 5.Nxd4 a6 6.Be3 e5 7.Nf3 Be7 8.Bc4 
O-O 9.Qe2 Be6 10.Bxe6 fxe6 11.O-O-O Ng4 12.Bd2 Nc6 13.Kb1 Qe8 14.h3 Nf6 
15.Be3 Qg6 16.Nh4 Qf7 17.g4 d5 18.g5 d4 19.gxf6 Qxf6 20.Ng2 Qf3 21.Bf4 
Rxf4 22.Nxf4 Qxf4 23.Qc4 dxc3 24.Rd7 Rd8 25.Qxe6+ Qf7 26.Qxf7+ Kxf7 27.
Rxb7 cxb2 28.Rb6 Na5 29.Rxa6 Nc4 30.Rc6 Nd2+ 31.Kxb2 Rb8+ 32.Kc3 Nxe4+ 33.
Kc4 Rb4+ 34.Kd5 Nf6+ 35.Kxe5 Re4+ 0-1

[Event "Budapest zt 1.4"]
[Site "Budapest"]
[Date "2000.06.19"]
[Round "3"]
[White "Acs, Peter"]
[Black "Blehm, Pawel"]
[Result "1-0"]
[WhiteElo "2542"]
[BlackElo "2494"]
[EventDate "2000.06.17"]
[PlyCount "83"]

1.e4 e5 2.Nf3 Nc6 3.Bb5 a6 4.Ba4 Nf6 5.O-O b5 6.Bb3 Bc5 7.a4 Rb8 8.c3 d6 
9.d4 Bb6 10.axb5 axb5 11.Na3 O-O 12.Nxb5 Bg4 13.d5 Nxe4 14.dxc6 Nxf2 15.
Rxf2 Bxf2+ 16.Kxf2 Rxb5 17.Bd5 Bxf3 18.gxf3 Qh4+ 19.Kg2 Kh8 20.Ra7 e4 21.
Rb7 exf3+ 22.Bxf3 Re5 23.Rxc7 Re6 24.Qf1 d5 25.Bd2 Qa4 26.Rd7 Qc2 27.Rxd5 
Rxc6 28.Qc1 Qb3 29.Be3 Rg6+ 30.Kf2 Re8 31.Qd2 Qb8 32.Rh5 h6 33.Bd4 Kg8 34.
Rh3 Qb3 35.Bd1 Qd5 36.Rg3 Qh1 37.Rxg6 fxg6 38.Kg3 Rf8 39.Bb3+ Kh7 40.Qe2 
Rf5 41.h4 Rh5 42.Qe7 1-0

[Event "Budapest zt 1.4"]
[Site "Budapest"]
[Date "2000.06.19"]
[Round "3"]
[White "Badea, Bela"]
[Black "Varga, Zoltan"]
[Result "1/2-1/2"]
[WhiteElo "2486"]
[BlackElo "2530"]
[EventDate "2000.06.17"]
[PlyCount "25"]

1.Nf3 b6 2.g3 Bb7 3.Bg2 g6 4.O-O Bg7 5.d3 c5 6.e4 d6 7.c3 Nf6 8.Re1 O-O 9.
Nbd2 Nbd7 10.a3 Rc8 11.d4 cxd4 12.cxd4 e5 13.dxe5 1/2-1/2

[Event "Budapest zt 1.4"]
[Site "Budapest"]
[Date "2000.06.19"]
[Round "3"]
[White "Bratanov, Zsivko"]
[Black "Chernin, Alexander"]
[Result "1/2-1/2"]
[WhiteElo "2332"]
[BlackElo "2583"]
[EventDate "2000.06.17"]
[PlyCount "21"]

1.e4 d6 2.d4 Nf6 3.Nc3 g6 4.Nf3 Bg7 5.Be2 O-O 6.O-O c6 7.Bf4 Nbd7 8.e5 
dxe5 9.Nxe5 Nxe5 10.Bxe5 Be6 11.Re1 1/2-1/2

[Event "Budapest zt 1.4"]
[Site "Budapest"]
[Date "2000.06.19"]
[Round "3"]
[White "Delchev, Aleksander"]
[Black "Polak, Tomas"]
[Result "1/2-1/2"]
[WhiteElo "2560"]
[BlackElo "2503"]
[EventDate "2000.06.17"]
[PlyCount "30"]

1.c4 e5 2.g3 Nc6 3.Bg2 Nf6 4.Nc3 Bc5 5.a3 a5 6.e3 d6 7.Nge2 O-O 8.O-O h6 
9.d4 Ba7 10.h3 Re8 11.Nb5 Bb8 12.Bd2 Ne7 13.c5 e4 14.cxd6 cxd6 15.b4 Nc6 
1/2-1/2

[Event "Budapest zt 1.4"]
[Site "Budapest"]
[Date "2000.06.19"]
[Round "3"]
[White "Ionescu, Constantin"]
[Black "Nevednichy, Vladislav"]
[Result "1/2-1/2"]
[WhiteElo "2446"]
[BlackElo "2589"]
[EventDate "2000.06.17"]
[PlyCount "22"]

1.d4 Nf6 2.c4 c5 3.d5 b5 4.Nf3 Bb7 5.a4 b4 6.Nbd2 d6 7.e4 g6 8.Bd3 Nbd7 9.
b3 Bg7 10.Bb2 O-O 11.Ra2 Re8 1/2-1/2

[Event "Budapest zt 1.4"]
[Site "Budapest"]
[Date "2000.06.19"]
[Round "3"]
[White "Jaracz, Pawel"]
[Black "Vajda, Levente"]
[Result "0-1"]
[WhiteElo "2490"]
[BlackElo "2459"]
[EventDate "2000.06.17"]
[PlyCount "98"]

1.e4 e5 2.Nf3 Nc6 3.Bc4 Nf6 4.d3 Bc5 5.c3 O-O 6.Bb3 d5 7.Qe2 dxe4 8.dxe4 
h6 9.O-O Qe7 10.Nh4 Bg4 11.Qc2 Rfd8 12.h3 Be6 13.Nd2 a5 14.a4 Rd7 15.Nc4 
Rad8 16.Qe2 Rd3 17.Ba2 Qd7 18.Nf3 Rd1 19.Bd2 Rxa1 20.Rxa1 Qd3 21.Re1 Qxe2 
22.Rxe2 Nd7 23.Be1 Nb6 24.Nxa5 Nxa5 25.Bxe6 fxe6 26.b4 Nac4 27.bxc5 Nxa4 
28.c6 b5 29.Kf1 Rd6 30.Ng1 Rxc6 31.f3 Rd6 32.Ra2 Rd1 33.Kf2 Ncb2 34.Ke2 
Rb1 35.h4 c5 36.Nh3 c4 37.Nf2 h5 38.g4 g6 39.Ra3 Kf7 40.Bd2 Ke8 41.Bh6 Kd7
42.Bg7 Kd6 43.Bf8+ Kc6 44.Bg7 Nc5 45.Bxe5 Nbd3 46.Nxd3 cxd3+ 47.Kd2 Rb2+ 
48.Kd1 hxg4 49.Ra8 Nb3 0-1

[Event "Budapest zt 1.4"]
[Site "Budapest"]
[Date "2000.06.19"]
[Round "3"]
[White "Markowski, Tomasz"]
[Black "Konopka, Michal"]
[Result "1-0"]
[WhiteElo "2531"]
[BlackElo "2442"]
[EventDate "2000.06.17"]
[PlyCount "91"]

1.Nf3 g6 2.e4 d6 3.d4 Nf6 4.Nc3 Bg7 5.Be2 O-O 6.O-O c6 7.a4 Bg4 8.h3 Bxf3 
9.Bxf3 e5 10.dxe5 dxe5 11.a5 Nbd7 12.Be3 Qe7 13.Qd3 a6 14.Na4 Rfe8 15.Qb3 
Nf8 16.Bc5 Qc7 17.Nb6 Rad8 18.Nc4 Rd7 19.Bb6 Qb8 20.Be3 Ne6 21.c3 Bf8 22.
Nb6 Rdd8 23.Qc4 h5 24.Bd1 Qd6 25.Bc2 Kh7 26.Na4 Bh6 27.Bb6 Rd7 28.Rad1 Qe7
29.Nc5 Nxc5 30.Bxc5 Qd8 31.Rxd7 Qxd7 32.Rd1 Qe6 33.Qb4 Qc8 34.Bb3 Kg8 35.
Rd6 Kg7 36.Qc4 Re6 37.Rxe6 Qxe6 38.Qxe6 fxe6 39.Bxe6 Nxe4 40.Ba3 Bc1 41.c4
Nd2 42.Bb4 Kf6 43.Bc8 Nxc4 44.Bxb7 c5 45.Bxc5 Bxb2 46.Bb4 1-0

[Event "Budapest zt 1.4"]
[Site "Budapest"]
[Date "2000.06.19"]
[Round "3"]
[White "Mrva, Martin"]
[Black "Horvath, Csaba"]
[Result "1-0"]
[WhiteElo "2426"]
[BlackElo "2519"]
[EventDate "2000.06.17"]
[PlyCount "203"]

1.e4 c5 2.Nf3 e6 3.b3 b6 4.d4 cxd4 5.Nxd4 a6 6.Bd3 Bb7 7.O-O d6 8.f4 Nf6 
9.Qe2 g6 10.Nd2 Bg7 11.c3 Qc7 12.Ba3 Nfd7 13.f5 Qxc3 14.N4f3 b5 15.fxe6 
fxe6 16.Bxd6 Nc5 17.Bc4 Nbd7 18.Rac1 Qa5 19.b4 Qb6 20.bxc5 Nxc5 21.Bf4 
Nd3+ 22.Be3 Nxc1 23.Rxc1 Qc6 24.Bxb5 Qxb5 25.Qxb5+ axb5 26.Rc7 O-O 27.Rxb7
Rfb8 28.Rxb8+ Rxb8 29.Nd4 Bxd4 30.Bxd4 Ra8 31.Kf2 Rxa2 32.Ke2 Kf7 33.g3 
Ke7 34.Bc5+ Kd7 35.Kd3 Ra1 36.Nf3 Rd1+ 37.Kc3 Rc1+ 38.Kb4 Rc4+ 39.Kxb5 
Rxe4 40.Ng5 Re2 41.Nxh7 Rb2+ 42.Bb4 Rxh2 43.Nf6+ Kc7 44.Kc5 Rf2 45.Ba5+ 
Kc8 46.Bc3 Rf3 47.Be5 Rd3 48.Kc4 Rf3 49.Kd4 Kd8 50.Ne4 Rf1 51.Bd6 Kd7 52.
Bb4 Rf5 53.Nc5+ Ke7 54.Ke4 Kf6 55.Nd7+ Kg5 56.Ne5 Rf1 57.Nf3+ Kf6 58.Bc3+ 
Ke7 59.Be1 Rh1 60.g4 Rh8 61.Bb4+ Kf7 62.Ke5 Re8 63.Ng5+ Kg7 64.Bc5 Ra8 65.
Bd4 Ra6 66.Nxe6+ Kf7 67.Ng5+ Kg7 68.Ne4 Kf7 69.Nd6+ Ke7 70.Bc3 Ra3 71.Ne4 
Ra4 72.g5 Kf7 73.Nd6+ Ke7 74.Nc8+ Kf7 75.Nd6+ Ke7 76.Ne4 Kf7 77.Bd4 Ra5+ 
78.Bc5 Ra2 79.Nd6+ Ke7 80.Nf5+ Kf7 81.Nh6+ Kg7 82.Bd4 Kf8 83.Ke6 Ra4 84.
Be5 Ra6+ 85.Bd6+ Kg7 86.Ng4 Kg8 87.Nf6+ Kg7 88.Ne8+ Kh7 89.Kf7 Ra7+ 90.Be7
Kh8 91.Nf6 Rb7 92.Ne4 Kh7 93.Nc5 Ra7 94.Ne6 Kh8 95.Nf8 Rb7 96.Nxg6+ Kh7 
97.Nf8+ Kh8 98.g6 Rxe7+ 99.Kxe7 Kg7 100.Ke6 Kg8 101.Nd7 Kg7 102.Kf5 1-0

[Event "Budapest zt 1.4"]
[Site "Budapest"]
[Date "2000.06.19"]
[Round "3"]
[White "Pinter, Jozsef"]
[Black "Macieja, Bartlomiej"]
[Result "1-0"]
[WhiteElo "2553"]
[BlackElo "2538"]
[EventDate "2000.06.17"]
[PlyCount "223"]

1.d4 Nf6 2.c4 e6 3.Nf3 Bb4+ 4.Bd2 Qe7 5.g3 Nc6 6.Nc3 Bxc3 7.Bxc3 Ne4 8.Rc1
O-O 9.Bg2 d6 10.d5 Nd8 11.Nd2 Nxc3 12.Rxc3 e5 13.c5 f5 14.Qc2 Nf7 15.O-O 
Bd7 16.Rc1 e4 17.Nb3 Ba4 18.cxd6 cxd6 19.Rc7 Qe5 20.Qd2 Bxb3 21.axb3 Rab8 
22.f4 exf3 23.exf3 Rfe8 24.f4 Qf6 25.Bf3 Nh6 26.Bh5 g6 27.Bf3 Re7 28.Rc8+ 
Rxc8 29.Rxc8+ Kg7 30.Kf2 Ng4+ 31.Bxg4 fxg4 32.Qc3 Qxc3 33.bxc3 a5 34.Rb8 
Rc7 35.c4 a4 36.bxa4 Rxc4 37.Rxb7+ Kf6 38.Rxh7 Rxa4 39.Ke3 Ra3+ 40.Kd4 
Ra4+ 41.Kd3 Ra5 42.Kc4 Rc5+ 43.Kd4 Rb5 44.Rd7 Rb4+ 45.Kc3 Rb6 46.Rd8 Ke7 
47.Rh8 Kf7 48.Rh4 Rb5 49.Kc4 Rb2 50.Rh7+ Kf6 51.Rd7 Rb6 52.Rd8 Ke7 53.Rh8 
Rb2 54.Kc3 Rb5 55.Rh4 Rxd5 56.Rxg4 Kf6 57.h4 Rd1 58.Rg5 d5 59.Kc2 Rd4 60.
Re5 Kf7 61.Re3 Kf6 62.Re5 Kf7 63.Kc3 Rd1 64.Kb4 Rd3 65.Rg5 Kf6 66.Kc5 Kf7 
67.Kc6 Kf6 68.Kd6 d4 69.Kd5 Rd1 70.Ke4 Rd2 71.Rd5 Rg2 72.Kf3 Rd2 73.Rd6+ 
Kf7 74.Rd5 Ke6 75.Rg5 Kf6 76.Ke4 Rd1 77.Rd5 Rg1 78.Kf3 Rd1 79.Kg4 Ke6 80.
Rg5 Kf6 81.Rd5 Ke6 82.Re5+ Kf6 83.Kf3 Rd3+ 84.Kf2 Rd2+ 85.Re2 Rd1 86.Kf3 
Rd3+ 87.Kf2 Rd1 88.Re1 Rd3 89.Re8 Kf7 90.Ra8 Kf6 91.Ra6+ Kf5 92.Ra5+ Kf6 
93.g4 Rh3 94.h5 gxh5 95.Rxh5 Rd3 96.Rf5+ Kg6 97.Rd5 Kf6 98.g5+ Kg6 99.Rd6+
Kf7 100.Rd5 Ke6 101.g6 Kf6 102.Rd6+ Kg7 103.f5 Ra3 104.Rd7+ Kf6 105.Rf7+ 
Ke5 106.g7 Ra2+ 107.Ke1 Ra1+ 108.Kd2 Ra2+ 109.Kc1 Rg2 110.f6 Ke4 111.Re7+ 
Kf5 112.f7 1-0

[Event "Budapest zt 1.4"]
[Site "Budapest"]
[Date "2000.06.20"]
[Round "4"]
[White "Balogh, Tomas"]
[Black "Delchev, Aleksander"]
[Result "1/2-1/2"]
[WhiteElo "2433"]
[BlackElo "2560"]
[EventDate "2000.06.17"]
[PlyCount "29"]

1.d4 Nf6 2.Nf3 g6 3.Bf4 Bg7 4.h3 O-O 5.e3 c5 6.c3 b6 7.Be2 Bb7 8.a4 a6 9.
O-O d6 10.Nbd2 Nbd7 11.Bh2 Bc6 12.Qc2 Qc8 13.b4 cxb4 14.cxb4 Be4 15.Qb2 
1/2-1/2

[Event "Budapest zt 1.4"]
[Site "Budapest"]
[Date "2000.06.20"]
[Round "4"]
[White "Blehm, Pawel"]
[Black "Janev, Evgeni"]
[Result "1/2-1/2"]
[WhiteElo "2494"]
[BlackElo "2339"]
[EventDate "2000.06.17"]
[PlyCount "83"]

1.e4 Nf6 2.e5 Nd5 3.d4 d6 4.Nf3 g6 5.Bc4 Nb6 6.Bb3 Bg7 7.O-O O-O 8.a4 Bg4 
9.a5 N6d7 10.h3 Bxf3 11.Qxf3 Nc6 12.c3 e6 13.a6 Qc8 14.Ba4 d5 15.Qe2 Ncb8 
16.axb7 Qxb7 17.b4 a5 18.b5 c5 19.bxc6 Nxc6 20.f4 Nb6 21.Bc2 f5 22.exf6 
Rxf6 23.Nd2 a4 24.Nf3 Qc7 25.Ra2 Nd8 26.Bd2 Nc4 27.Ne5 Nxd2 28.Qxd2 a3 29.
Qe3 Bf8 30.h4 Ra7 31.h5 gxh5 32.f5 Bh6 33.Qh3 Nf7 34.Qg3+ Bg7 35.Rfa1 exf5
36.Rxa3 Rxa3 37.Rxa3 Nxe5 38.Qxe5 Qxe5 39.dxe5 Re6 40.Ra5 Bxe5 41.Bxf5 Rf6
42.Bd3 1/2-1/2

[Event "Budapest zt 1.4"]
[Site "Budapest"]
[Date "2000.06.20"]
[Round "4"]
[White "Bratanov, Zsivko"]
[Black "Acs, Peter"]
[Result "1-0"]
[WhiteElo "2332"]
[BlackElo "2542"]
[EventDate "2000.06.17"]
[PlyCount "57"]

1.d4 Nf6 2.c4 e6 3.Nc3 Bb4 4.e3 O-O 5.Bd3 c5 6.Ne2 Nc6 7.O-O d5 8.cxd5 
exd5 9.a3 Bxc3 10.bxc3 Re8 11.f3 h6 12.Ra2 Be6 13.Nf4 Rc8 14.g4 Nd7 15.Qe1
Na5 16.Rg2 Nf8 17.h4 g6 18.Ne2 Nb3 19.Bb2 Bd7 20.e4 Qb6 21.Nf4 Bc6 22.Qf2 
Ne6 23.Nxe6 Rxe6 24.exd5 Bxd5 25.c4 Bc6 26.d5 Rd6 27.Qe3 Be8 28.Be5 Rd7 
29.Bf5 1-0

[Event "Budapest zt 1.4"]
[Site "Budapest"]
[Date "2000.06.20"]
[Round "4"]
[White "Chernin, Alexander"]
[Black "Mrva, Martin"]
[Result "1/2-1/2"]
[WhiteElo "2583"]
[BlackElo "2426"]
[EventDate "2000.06.17"]
[PlyCount "90"]

1.c4 Nf6 2.Nc3 g6 3.g3 Bg7 4.Bg2 O-O 5.Nf3 d6 6.O-O Bg4 7.h3 Bxf3 8.Bxf3 
Qc8 9.Bg2 c5 10.Rb1 Nc6 11.a3 e6 12.d3 Rd8 13.b4 cxb4 14.axb4 d5 15.cxd5 
exd5 16.Bg5 Qe6 17.Qd2 Rd7 18.Rfc1 Rad8 19.Qa2 h6 20.Bxf6 Bxf6 21.b5 Ne7 
22.e3 Be5 23.d4 Bb8 24.e4 Qb6 25.Nxd5 Nxd5 26.exd5 Qxd4 27.b6 axb6 28.Qb2 
Qxb2 29.Rxb2 Rd6 30.h4 Kg7 31.Rb3 Re8 32.Bf3 Kf8 33.Kg2 Rf6 34.h5 Be5 35.
Rc4 Ra8 36.Re4 Bc7 37.hxg6 fxg6 38.Re6 Kf7 39.Rxf6+ Kxf6 40.d6 Bxd6 41.
Rxb6 Rd8 42.Bxb7 h5 43.Be4 Rd7 44.Ra6 Rd8 45.Bb1 Kg7 1/2-1/2

[Event "Budapest zt 1.4"]
[Site "Budapest"]
[Date "2000.06.20"]
[Round "4"]
[White "Grigore, George Gabriel"]
[Black "Pinter, Jozsef"]
[Result "0-1"]
[WhiteElo "2521"]
[BlackElo "2553"]
[EventDate "2000.06.17"]
[PlyCount "82"]

1.d4 Nf6 2.c4 e6 3.Nc3 Bb4 4.Qc2 O-O 5.a3 Bxc3+ 6.Qxc3 b6 7.Bg5 Bb7 8.e3 
d6 9.f3 Nbd7 10.Bd3 c5 11.Ne2 Rc8 12.Qb3 cxd4 13.exd4 Ba6 14.O-O Qc7 15.
Rac1 Nc5 16.dxc5 Qxc5+ 17.Kh1 Qxg5 18.Qa4 Qa5 19.Qxa5 bxa5 20.b4 Nd7 21.
Rfd1 Ne5 22.b5 Bb7 23.Nd4 a4 24.Be2 g5 25.h4 h6 26.hxg5 hxg5 27.Rc2 Rc5 
28.Rb1 Nd7 29.Rb4 Nb6 30.Bd3 Rfc8 31.Kh2 Kg7 32.Kg3 Rh8 33.Ne2 Rh4 34.Nc3 
Nxc4 35.Nxa4 Nxa3 36.Rxc5 dxc5 37.Rxh4 gxh4+ 38.Kxh4 c4 39.Be2 Kf6 40.Kg3 
Ke5 41.Nc5 Bd5 0-1

[Event "Budapest zt 1.4"]
[Site "Budapest"]
[Date "2000.06.20"]
[Round "4"]
[White "Nevednichy, Vladislav"]
[Black "Manik, Mikulas"]
[Result "0-1"]
[WhiteElo "2589"]
[BlackElo "2469"]
[EventDate "2000.06.17"]
[PlyCount "110"]

1.e4 c5 2.Nf3 e6 3.d3 d5 4.Nbd2 Nc6 5.g3 g6 6.Bg2 Bg7 7.O-O Nge7 8.Re1 b6 
9.exd5 Nxd5 10.h4 Bb7 11.Nc4 h6 12.a4 Qc7 13.h5 gxh5 14.Nh4 O-O-O 15.c3 
Bf6 16.Qxh5 Bg5 17.a5 Nxa5 18.Nxa5 bxa5 19.Qg4 Rhg8 20.Qc4 Nb6 21.Bxb7+ 
Kxb7 22.Qe4+ Kb8 23.Rxa5 f5 24.Qf3 Bxc1 25.Rxc1 f4 26.g4 h5 27.Rca1 Rxg4+ 
28.Kf1 Rxh4 29.Rxa7 Qxa7 30.Rxa7 Kxa7 31.Qe4 Rd6 32.b4 cxb4 33.Qxb4 Rd7 
34.Qe4 Rh3 35.c4 f3 36.Ke1 Rh1+ 37.Kd2 Ra1 38.c5 Ra2+ 39.Kc1 Nd5 40.Qc4 
Ra1+ 41.Kb2 Ra6 42.Kc2 Rh7 43.d4 h4 44.Qb3 Nf4 45.Qxf3 h3 46.Qe4 Rf7 47.
Qh1 Ra2+ 48.Kb3 Rxf2 49.Qc6 Rb7+ 50.Ka3 Nd5 51.Qa4+ Kb8 52.Qe8+ Kc7 53.
Qxe6 Rf3+ 54.Ka2 Nc3+ 55.Ka3 Nb1+ 0-1

[Event "Budapest zt 1.4"]
[Site "Budapest"]
[Date "2000.06.20"]
[Round "4"]
[White "Polak, Tomas"]
[Black "Horvath, Jozsef"]
[Result "1/2-1/2"]
[WhiteElo "2503"]
[BlackElo "2557"]
[EventDate "2000.06.17"]
[PlyCount "80"]

1.d4 Nf6 2.c4 e6 3.Nf3 b6 4.g3 Bb4+ 5.Bd2 Be7 6.Bg2 c6 7.Nc3 d5 8.Ne5 O-O 
9.Qa4 Bb7 10.O-O a6 11.cxd5 cxd5 12.Rfc1 Nfd7 13.Nxd7 Qxd7 14.Qxd7 Nxd7 
15.Na4 Rfc8 16.Rxc8+ Rxc8 17.Rc1 Rxc1+ 18.Bxc1 Bb4 19.b3 b5 20.Nb2 Bc3 21.
e3 e5 22.Bh3 Bc6 23.Bxd7 Bxd7 24.dxe5 Bf5 25.f4 b4 26.Na4 d4 27.exd4 Bxd4+
28.Kf1 Bb1 29.a3 bxa3 30.Bxa3 Bc2 31.Nc5 Bxc5 32.Bxc5 Bxb3 33.Bb4 h5 34.
Kf2 Bc2 35.h4 Kh7 36.Ke3 Kg6 37.Ba5 Kf5 38.Bc3 g6 39.Ba5 Kg4 40.Kf2 Kf5 
1/2-1/2